| 000 | 00793nas a2200253 4500 | ||
|---|---|---|---|
| 001 | BR2019001154 | ||
| 003 | BR-BrBNA | ||
| 005 | 20231205131850.0 | ||
| 007 | ta | ||
| 008 | 230509b bl.|||p| |||| 00| 00por d | ||
| 040 |
_aBR-BrBNA _bpor _cBiblioteca Nacional de Agricultura |
||
| 041 | _a(En) | ||
| 072 | _aF63 | ||
| 100 | 1 | _aKnoke, J.K. | |
| 100 | 1 | _aSoria, S. de J. | |
| 100 | 1 | _aChapman, R.K. | |
| 245 | 1 |
_aCacao pollination with spray equipment, in Costa Rica _bParte de dissertação |
|
| 650 | _aTHEOBROMA CACAO | ||
| 650 | _aPOLINIZAÇÃO ARTIFICIAL | ||
| 773 | 0 |
_tRevista Theobroma (Brazil) _xISSN 0370-7962 _g(Oct-Dec 1980), v. 10(4) p. 213-224 _wBR2019001154 |
|
| 856 | 4 | 0 | _dLink DSPACE/MAPA BR2019001154 |
| 909 |
_a202311 _bLúcia _c55 _dLúcia Elande |
||
| 942 |
_2AGRIS _n0 _cANA |
||
| 999 |
_c257160 _d257160 |
||